How to be a friend: a guide to making a friends and keeping them / (Record no. 105601)
[ view plain ]
| 000 -LEADER | |
|---|---|
| fixed length control field | 00515nam a2200169 a 4500 |
| 005 - DATE AND TIME OF LATEST TRANSACTION | |
| control field | 20140412111408.0 |
| 008 - FIXED-LENGTH DATA ELEMENTS--GENERAL INFORMATION | |
| fixed length control field | 061207s19uu xx 00 eng d |
| 020 ## - INTERNATIONAL STANDARD BOOK NUMBER | |
| International Standard Book Number | 0-439-15399-9 |
| 050 ## - LIBRARY OF CONGRESS CALL NUMBER | |
| Classification number | TR(PS E |
| Item number | Ho83 1998 |
| 100 ## - MAIN ENTRY--PERSONAL NAME | |
| Personal name | Brown, Laurie |
| 245 ## - TITLE STATEMENT | |
| Title | How to be a friend: a guide to making a friends and keeping them / |
| Statement of responsibility, etc | Laurie Brown. |
| 260 ## - PUBLICATION, DISTRIBUTION, ETC. (IMPRINT) | |
| Place of publication, distribution, etc | New York : |
| Name of publisher, distributor, etc | Scholastic, |
| Date of publication, distribution, etc | 1998. |
| 440 ## - SERIES STATEMENT/ADDED ENTRY--TITLE | |
| Title | Dino life guides for families |
| 650 ## - SUBJECT ADDED ENTRY--TOPICAL TERM | |
| Topical term or geographic name as entry element | Frienship-fiction |
| 650 ## - SUBJECT ADDED ENTRY--TOPICAL TERM | |
| Topical term or geographic name as entry element | Children stories |
| Withdrawn status | Lost status | Damaged status | Use restrictions | Home library | Current library | Shelving location | Date acquired | Source of acquisition | Cost, normal purchase price | Total Checkouts | Full call number | Barcode | Date last seen | Price effective from | Koha item type |
|---|---|---|---|---|---|---|---|---|---|---|---|---|---|---|---|
| Elizalde Library | Elizalde Library | Teachers Reference Section | 12/07/2006 | 165.00 | TR(PS E Ho83 1998 | E10406 | 04/12/2014 | 04/12/2014 | Books |